| 000 | 00802ntm a22002177a 4500 | ||
|---|---|---|---|
| 008 | 170802s 2011 xx a frb 000 0 eng d | ||
| 040 |
_aEG-ScBUE _beng _cEG-ScBUE |
||
| 082 | 0 | 4 |
_222 _a624 _bSHA |
| 100 | 1 | _aShaker, Fady Mamdouh Helmy. | |
| 245 | 1 | 2 |
_aA new methodology of multi-thickness slabs in boundary element / _cFady Mamdouh Helmy Shaker. |
| 260 | _c2011. | ||
| 300 |
_aix,108 p. : _bill. (col.) : _c28 cm. |
||
| 590 | _aA Dissertation Submitted to Faculty of Engineering The British University in Egypt in partial Fulfillment of the requirements for the degree in civil Engineering. | ||
| 590 | _anaira | ||
| 650 | 7 |
_2BUEsh _vProjects _aCivil engineering |
|
| 653 |
_bENGCIV _cAugust2017 |
||
| 655 | _vSPRO | ||
| 700 | 7 |
_aRashed, Youssef. _eths _934670 |
|
| 777 | _ASPRO | ||
| 942 | _2ddc | ||
| 999 |
_c25117 _d25089 |
||